000 00442nam a2200145 i 4500
001 57161
003 ES-MaACL
005 20230906163526.0
007 t|
008 031015s1946 sp ||||1| spa d
245 0 0 _aDisposiciones relativas a admisiones temporales y a importaciones y exportación de productos.
260 _aMadrid :
_bGarcía Enciso,
_c1946 (
_fManero)
300 _a41 p. ;
_c15 cm.
852 _aES-MaACL
_j1871-F-13
_bR.23091
999 _c57161
_d57161